| 000 | 00470nam a2200169Ia 4500 | ||
|---|---|---|---|
| 003 | OSt | ||
| 005 | 20200617101543.0 | ||
| 008 | 190216s9999||||xx |||||||||||||| ||und|| | ||
| 020 | _a9780140298833 | ||
| 040 | _coclc | ||
| 082 |
_a954.04 _bTHA/I |
||
| 100 |
_aThapar, Romila _9444 |
||
| 245 | 0 |
_aIndia Another Millennium? / _cRomila Thapar |
|
| 260 |
_bPenguin Books, _c2000. |
||
| 300 | _a317p | ||
| 942 |
_cBK _2ddc _h954.04 _iTHA/I _k954.04 _mTHA/I |
||
| 999 |
_c20832 _d20832 |
||